أفلاطون : (رقم التسجيلة. 63231)

تفاصيل مارك
000 -LEADER
fixed length control field 00744nam a22002057a 4500
005 - DATE AND TIME OF LATEST TRANSACTION
control field 20251108171819.0
008 - FIXED-LENGTH DATA ELEMENTS--GENERAL INFORMATION
fixed length control field 250721s1982 xx 000 0 ara d
082 14 - DEWEY DECIMAL CLASSIFICATION NUMBER
Classification number ط/184/فال
100 1# - MAIN ENTRY--PERSONAL NAME
Personal name فالتزر، ر
245 10 - TITLE STATEMENT
Title أفلاطون :
Remainder of title تصوره لاله واحد و نظرة المسلمين في فلسفته /
264 1# - PRODUCTION, PUBLICATION, DISTRIBUTION, MANUFACTURE, AND COPYRIGHT NOTICE
Place of production, publication, distribution, manufacture بيروت :
Name of producer, publisher, distributor, manufacturer دار الكتاب اللبناني،
Date of production, publication, distribution, manufacture, or copyright notice 1982.
300 ## - PHYSICAL DESCRIPTION
Extent 116ص
490 0# - SERIES STATEMENT
Series statement كتب دائرة المعارف الإسلامية ؛ 8
650 17 - SUBJECT ADDED ENTRY--TOPICAL TERM
Topical term or geographic name as entry element الفلسفة القديمة
700 1# - ADDED ENTRY--PERSONAL NAME
Personal name خورشيد، إبراهيم
Relator term ترجمة
700 1# - ADDED ENTRY--PERSONAL NAME
Personal name يونس، عبد الحميد
Relator term ترجمة
700 1# - ADDED ENTRY--PERSONAL NAME
Personal name عثمان، حسن
Relator term ترجمة
942 ## - ADDED ENTRY ELEMENTS (KOHA)
Source of classification or shelving scheme Dewey Decimal Classification
Koha item type كتب
المقتنيات
حالة السحب حالة الفقدان مصدر التصنيف حالة التلف غير قابل للإعارة المكتبة الرئيسية المكتبة الحالية موقع الرف تاريخ التزويد الرقم المتسلسل Total Checkouts رقم الإستدعاء تاريخ آخر ظهور تاريخ الفاتورة نوع المادة (كوها) الباركود
    Dewey Decimal Classification Unchecked   مكتبة أم قصير والمقابلين العامة مكتبة أم قصير والمقابلين العامة الأطفال 06/07/2004 4042   ط/184/فال 28/07/2025 06/07/2004 كتب  
    Dewey Decimal Classification     مكتبة وادي السير العامة مكتبة وادي السير العامة الأطفال 19/11/2015 [1173].   ط/184/فال 28/07/2025 19/11/2015 كتب PLD00365535
Implemented & Customized by: BBB with SCIT (Smart Chains for Information Technology)

Powered by Koha